00254nam a2200097Ia 4500082001200000245002700012100003700039942002000076008004100096999001900137 a92 VAND 0aDie hart van ons huis  a Van der Vyver, Marita 9105656 cBKyzCRON CRON210825s9999 xx 000 0 und d c561213d561212